| 000 | 00957nam a2200241Ia 4500 | ||
|---|---|---|---|
| 001 | 745 | ||
| 003 | GE_BSU | ||
| 008 | 181216s||||||||xx |||||||||||||| ||und|| | ||
| 020 | _a9994035319 | ||
| 040 | _cGE_BSU | ||
| 080 | _a519.6(075.8) | ||
| 100 | _aჯიბლაძე, ნოდარ; გაბელაია, აკაკი;ნარიმანაშვილი, ნოდარი; | ||
| 245 | _aუპირობო ოპტიმიზაციის მეთოდები.დამხმარე ხელმძღვანელო | ||
| 245 | _bსაქ.ტექნიკური უნ–ტი. | ||
| 260 | _aთბილისი | ||
| 260 | _b,,ტექნიკური უნივერსიტეტი'' | ||
| 260 | _c2004 | ||
| 300 | _a137 გვ. | ||
| 541 | _h4 ლ. | ||
| 653 | _aგამოთვლითი მათემატიკა | ||
| 653 | _aოპტიმიზაცია | ||
| 942 | _cBK | ||
| 999 |
_c34918 _d34918 |
||